000 00590pam a2200217 a 4500
001 4312083
005 20180214033701.0
008 870319s1987 nyua b 001 0 eng
010 _a 87003743
020 _a0801300614 :
_c$34.95
040 _aDLC
_cDLC
_dDLC
041 _aeng
080 _a658.45
082 0 0 _a658.45 HAM
_219
100 1 _a54
101 _aLID
245 1 2 _aA communication audit handbook :
_cSeymour Hamilton.
504 _aBibliography: p. 193.
906 _a7
_bcbc
_corignew
_d1
_eocip
_f19
_gy-gencatlg
942 _2ddc
_cBK
999 _c42452
_d42452